| 000 | 00645nam a22002177a 4500 | ||
|---|---|---|---|
| 999 |
_c14356 _d14356 |
||
| 003 | MIRAKIL | ||
| 005 | 20210331114958.0 | ||
| 008 | 210331b tu ||||| |||| 00| 0 tur d | ||
| 040 |
_aTR-AnCHP _cTR-AnCHP |
||
| 041 | _atur | ||
| 082 |
_aATA 956.1024 _bB49a 1981 |
||
| 100 | _aBıyıklıoğlu, Tevfik | ||
| 245 | 1 | 0 |
_aAtatürk Anadolu'da (1919-1921), I / _cTevfik Bıyıklıoğlu. |
| 260 |
_a[yay.y]: _b[y.y], _c1981. _fKent Basımevi |
||
| 300 |
_a216 s.: _c19 sm. |
||
| 504 | _aDizin vardır. | ||
| 600 | 1 | 4 |
_91465 _aAtatürk, Gazi Mustafa Kemal _d1881-1938 |
| 650 | 0 |
_94 _aTürkiye _xTarih _y1919-1921 |
|
| 942 |
_2ddc _cBKS |
||
| 999 | _d14356 | ||